000 00471nam a2200169Ia 4500
005 20250923144414.0
008 008 250917s9999 xx 000 0 eng d
037 _aTextual
040 _aDSWL
_beng
_cDSWL
041 _aeng
_2eng
084 _aY1:4:6p73:M74, H4
_qDSWL
245 0 _aNational Conference of Social work proceedings
260 _aNew York
_c1944
300 _a492 p.
942 _cTEXL
_hY1:4:6p73:M74, H4
999 _c1438456
_d1438456